000 01604nam a22002537a 4500
005 20120221114737.0
010 _aB-453931-935
020 _a9788189988869
_c350.00
035 _aB-453931-935
037 _bR.B.C./Ven
082 _a700.922
100 _aMehrotra, Rajiv
_942868
245 _aThe spirit of the muse :
_bconversations on the journeys of artists /
_cby Rajiv Mehrotra
260 _aNew Delhi
_bHay House publishers
_c2011
270 _aMuskan Complex,Plot No 3,B-2 Vasant Kunj,
_bNew Delhi
_e110070
300 _a274p
_c21cm(pbk)
942 _2ddc
_cEN
_mMEH
_h700.922
999 _c63250
_d63250